Esperando a Godot
Guardat en:
| Autor principal: | |
|---|---|
| Format: | Llibre |
| Idioma: | espanyol |
| Publicat: |
Barcelona
Tusquet
1982
|
| Col·lecció: | Marginales, 73
|
| Matèries: | |
| Etiquetes: |
Afegir etiqueta
Sense etiquetes, Sigues el primer a etiquetar aquest registre!
|
MARC
| LEADER | 00000nam a2200000 a 4500 | ||
|---|---|---|---|
| 001 | UCQ0733 | ||
| 003 | CL-VaPUC | ||
| 008 | 980703e19820000SP |||||||||||||||||spa|d | ||
| 082 | 0 | 4 | |a 822 |b BEC |2 21 |
| 100 | 0 | |a Beckett, Samuel |e author |9 414049 | |
| 245 | 1 | 0 | |a Esperando a Godot |
| 300 | |a 122 p | ||
| 942 | |c BK | ||
| 945 | |d 19980703 00:00:00 |a lriquelm | ||
| 260 | |a Barcelona |b Tusquet |c 1982 | ||
| 650 | 7 | |a DRAMAS IRLANDESES |2 CL-VaPUC |9 414050 | |
| 650 | 0 | |a Literatura irlandesa |9 349943 | |
| 583 | |a last modification |c 19980703 00:00:00 |k Rodrigo Vera | ||
| 490 | 0 | |a Marginales, 73 | |
| 999 | |c 271769 |d 271767 | ||
| 952 | |0 0 |1 0 |4 0 |6 822_000000000000000_BEC_1982 |7 0 |8 R |9 306525 |a BIBEDU |b BIBEDU |c MCIRC |d 2019-11-20 |i 1425838 |l 4 |o 822 BEC 1982 |p 1425838 |r 2023-08-11 |s 2023-08-03 |w 2019-11-20 |y BK_R |k LIT | ||